[Event "Schwarzach A"]
[Site "?"]
[Date "1997.08.24"]
[Round "2.10"]
[White "Vesely, Tomas"]
[Black "Vigh, Bela"]
[Result "1/2-1/2"]
[WhiteElo "2155"]
[BlackElo "2395"]
[PlyCount "84"]
[EventDate "1996.??.??"]

1. e4 e6 2. d3 c5 3. Nf3 Nc6 4. g3 g6 5. Bg2 Bg7 6. O-O Nge7 7. Re1 d6 8. c3
O-O 9. Be3 e5 10. Nfd2 Be6 11. a4 Qd7 12. Nc4 f5 13. f3 b6 14. Qd2 Rad8 15.
Nba3 d5 16. exd5 Nxd5 17. Bg5 Rde8 18. Bh6 f4 19. Bxg7 Qxg7 20. Nd6 Rd8 21.
Nac4 Rd7 22. Ne4 Nde7 23. Qe2 g5 24. g4 h6 25. a5 Bxc4 26. dxc4 Rfd8 27. axb6
axb6 28. Ra6 Nc8 {} 29. Nxc5 Rd2 30. Qe4 Nb8 31. Ne6 Qf6 32. Nxd8 Nxa6 33. Nc6
Nc5 34. Qxe5 Qxc6 35. Qe8+ Qxe8 36. Rxe8+ Kf7 37. Rxc8 Rxb2 38. Rc7+ Kf6 39.
Bf1 Kg6 40. Rc6+ Kg7 41. Rc7+ Kf6 42. Rc6+ Kg7 1/2-1/2

[Event "Schwarzach A"]
[Site "?"]
[Date "1997.08.24"]
[Round "2.11"]
[White "Jusic, Zdenko"]
[Black "Kievelitz, Bernd"]
[Result "1-0"]
[WhiteElo "2370"]
[BlackElo "2130"]
[PlyCount "71"]
[EventDate "1996.??.??"]

1. e4 c5 2. Nf3 e6 3. Nc3 a6 4. d4 cxd4 5. Nxd4 Qc7 6. Be2 Nf6 7. O-O Be7 8. f4
d6 9. a4 Nbd7 10. Kh1 O-O 11. Bf3 Rb8 12. Qe1 Re8 13. Qg3 Nf8 14. f5 e5 15. Bh6
g6 16. fxg6 hxg6 17. Nf5 Be6 18. Bg5 N8h7 19. Nxe7+ Qxe7 20. Bh4 Qf8 21. Rad1
Red8 22. Be2 Qg7 23. Qf2 g5 24. Bg3 Qg6 25. Qb6 Nxe4 {} 26. Bxe5 Nxc3 27. Bxc3
Bf5 28. Qd4 Kf8 29. Rxf5 Qxf5 30. Qg7+ Ke7 31. Bd3 Qd5 32. Qxh7 Re8 33. Be2 Qe6
34. Bh5 Kd8 35. Bxf7 Qe7 36. Qg6 1-0

[Event "Schwarzach A"]
[Site "?"]
[Date "1997.08.24"]
[Round "2.12"]
[White "Donegani, Hans Peter"]
[Black "Piven, Igor"]
[Result "0-1"]
[WhiteElo "2120"]
[BlackElo "2367"]
[PlyCount "98"]
[EventDate "1996.??.??"]

1. e4 c5 2. Nf3 g6 3. d4 cxd4 4. Nxd4 Nf6 5. Nc3 Nc6 6. Nb3 Bg7 7. Be2 O-O 8.
O-O d6 9. Bg5 b6 10. f4 Bb7 11. Bf3 Na5 12. e5 Bxf3 13. Rxf3 Nxb3 14. axb3 dxe5
15. fxe5 Qxd1+ 16. Rxd1 Ng4 17. Bxe7 {} 17... Nxe5 18. Rff1 Rfc8 19. Bf6 Bxf6
20. Rxf6 Rd8 21. Nd5 Kg7 22. Rf4 Rd7 23. Re4 Nc6 24. c4 Nb4 25. Nc3 Rxd1+ 26.
Nxd1 Rd8 27. Nc3 Rd2 28. Na4 Nd3 29. h3 Nxb2 30. c5 Nxa4 31. Rxa4 Rd7 32. b4
bxc5 33. bxc5 Kf6 34. c6 Rc7 35. Ra6 Ke5 36. Kf2 Kd5 37. Ke3 Kc5 38. Kf4 f6 39.
g4 Kb5 40. Ra1 a5 41. Rb1+ Kxc6 42. Rc1+ Kd6 43. Rd1+ Ke6 44. Re1+ Kf7 45. h4
Ra7 46. Re3 a4 47. Ra3 Ke6 48. Ke4 h6 49. h5 g5 0-1

[Event "Schwarzach A"]
[Site "?"]
[Date "1997.08.24"]
[Round "2.13"]
[White "Brumen, Dinko"]
[Black "Hicker, Harald"]
[Result "1-0"]
[WhiteElo "2365"]
[BlackElo "2105"]
[PlyCount "75"]
[EventDate "1996.??.??"]

1. d4 d5 2. c4 c6 3. Nf3 Bf5 4. Qb3 Qb6 5. c5 Qxb3 6. axb3 Bxb1 7. Rxb1 Nd7 8.
Bf4 f6 9. b4 a6 10. e3 g6 11. Be2 Bg7 12. O-O e5 13. Bg3 Ne7 14. Nd2 Nf5 15.
Nb3 Nxg3 16. hxg3 O-O 17. e4 exd4 18. exd5 cxd5 19. Bf3 {} 19... Rab8 20.
Bxd5+ Kh8 21. Nxd4 Ne5 22. Ne6 Rfc8 23. Rfd1 Nc6 24. Bxc6 Rxc6 25. Rd6 Bf8 26.
Rxc6 bxc6 27. Ra1 Kg8 28. Rxa6 Rxb4 29. Ra8 Kf7 30. Nxf8 Rxb2 31. Nd7 Rb1+ 32.
Kh2 Ke6 33. Ra7 Rb5 34. Nf8+ Kf5 35. Nxh7 Rxc5 36. Rf7 Ke6 37. Rxf6+ Ke7 38. g4
1-0

[Event "Schwarzach A"]
[Site "?"]
[Date "1997.08.24"]
[Round "2.14"]
[White "Herndl, Harald"]
[Black "Stoeckl, Norbert"]
[Result "1-0"]
[WhiteElo "2365"]
[BlackElo "1988"]
[PlyCount "111"]
[EventDate "1996.??.??"]

1. d4 Nf6 2. c4 g6 3. Nc3 d5 4. Nf3 Bg7 5. Qb3 dxc4 6. Qxc4 O-O 7. e4 a6 8. e5
b5 9. Qb3 Nfd7 10. Be3 Nb6 11. Rd1 c6 12. Qc2 Be6 13. Bd3 a5 14. O-O Na6 15. a3
a4 16. Nd2 f6 17. Rfe1 Qd7 18. Rc1 Nd5 19. Nxd5 Bxd5 20. f4 Nc7 21. Rf1 Ne6 {}
22. f5 Nxd4 23. Bxd4 Bxg2 24. Kxg2 Qxd4 25. Be4 Qxe5 26. Nf3 Qf4 27. Qxc6 Rad8
28. Rcd1 gxf5 29. Qe6+ Kh8 30. Qxf5 Qxf5 31. Bxf5 Bh6 32. Be6 Bf4 33. Rfe1 Rd6
34. Rxd6 Bxd6 35. Re2 Rb8 36. Nd4 b4 37. Nc6 Rb6 38. Nxb4 Bxb4 39. axb4 Rxb4
40. Kf3 Kg7 41. Rg2+ Kh6 42. Ke3 Rb6 43. Bc4 Rb4 44. Kd3 e5 45. Kc3 Rb8 46. Rg8
Rb7 47. Ra8 f5 48. Rxa4 e4 49. Ra6+ Kg5 50. Re6 Kf4 51. b4 Kf3 52. b5 f4 53.
Kd4 Rd7+ 54. Bd5 Kg2 55. Rxe4 Kxh2 56. Rxf4 1-0

[Event "Schwarzach A"]
[Site "?"]
[Date "1997.08.24"]
[Round "2.15"]
[White "Bjelosevic, Bozo"]
[Black "Hardicsay, Peter"]
[Result "0-1"]
[WhiteElo "1929"]
[BlackElo "2355"]
[PlyCount "67"]
[EventDate "1996.??.??"]

1. e4 c5 2. Nc3 Nc6 3. f4 g6 4. Nf3 Bg7 5. Bc4 e6 6. Qe2 Nge7 7. a3 O-O 8. O-O
d5 9. Ba2 Nd4 10. Nxd4 cxd4 11. Nd1 dxe4 12. Qxe4 Qb6 13. Kh1 Bd7 14. c4 Bc6
15. Qe1 d3 16. Rb1 a5 17. Qe3 Qxe3 18. Nxe3 a4 19. b4 axb3 20. Bxb3 Rfd8 21.
Bd1 Bd4 22. Rb3 {} 22... Bxe3 23. dxe3 Nf5 24. Bd2 Nd6 25. c5 Nc4 26. Bc1 d2
27. Bb2 Nxb2 28. Rxb2 Rxa3 29. Kg1 Rxe3 30. Kf2 Rc3 31. Rc2 Ra3 32. g3 h5 33.
Kg1 Ra1 34. Rc3 0-1

[Event "Schwarzach A"]
[Site "?"]
[Date "1997.08.24"]
[Round "2.16"]
[White "Essl, Gerhard"]
[Black "Hertel, Peter"]
[Result "0-1"]
[WhiteElo "1893"]
[BlackElo "2300"]
[PlyCount "76"]
[EventDate "1996.??.??"]

1. c4 Nf6 2. Nc3 g6 3. e4 d6 4. d4 Bg7 5. g3 O-O 6. Bg2 e5 7. Nge2 Nc6 8. O-O
exd4 9. Nxd4 Nxe4 10. Nxc6 Nxc3 11. bxc3 bxc6 12. Bxc6 Rb8 13. Be3 {} 13...
Bh3 14. Re1 Bxc3 15. Bh6 Qf6 16. Bxf8 Kxf8 17. Rb1 Rxb1 18. Re8+ Kg7 19. Qxb1
Bd4 20. Qe1 h5 21. Bd5 Bc5 22. Qd2 a5 23. Bg2 Be6 24. Qe2 Qa1+ 25. Bf1 Bh3 26.
Re7 Bb6 27. c5 Bxc5 28. Rxc7 a4 29. Qc4 Qf6 30. Qc2 Be6 31. Bg2 Qa1+ 32. Bf1
Qxa2 33. Qxa2 Bxa2 34. Bb5 Bb3 35. Rc8 a3 36. Ra8 a2 37. Bc6 Bd4 38. Kf1 a1=Q+
0-1

[Event "Schwarzach A"]
[Site "?"]
[Date "1997.08.24"]
[Round "2.17"]
[White "Moeschinger, Markus"]
[Black "Severgin, Valentin"]
[Result "0-1"]
[WhiteElo "2255"]
[BlackElo "2260"]
[PlyCount "66"]
[EventDate "1996.??.??"]

1. c4 e5 2. Nc3 Nc6 3. Nf3 f5 4. e3 e4 5. Nd4 Nxd4 6. exd4 Nf6 7. d3 Bb4 8. Be2
O-O 9. O-O Bxc3 10. bxc3 h6 11. dxe4 fxe4 12. f3 d6 13. Qb3 Kh8 14. Be3 exf3
15. Bxf3 Ng4 16. Bd2 Rb8 17. Rae1 Bf5 18. Qd1 Qd7 19. h3 Nf6 20. Re3 b6 21.
Rfe1 Rbe8 22. Qc1 Rxe3 23. Bxe3 Qf7 24. c5 d5 25. cxb6 axb6 26. Bf4 Be4 27. Rf1
Ra8 {} 28. Bxh6 Qg6 29. Bf4 Rxa2 30. Bxe4 Nxe4 31. g4 Nf6 32. Be5 Nxg4 33. Kh1
Qe4+ 0-1

[Event "Schwarzach A"]
[Site "?"]
[Date "1997.08.24"]
[Round "2.18"]
[White "Krumphals, Friedrich"]
[Black "Appl, Gerhard"]
[Result "1/2-1/2"]
[WhiteElo "1866"]
[BlackElo "1935"]
[PlyCount "60"]
[EventDate "1996.??.??"]

1. c4 Nf6 2. g3 e6 3. Bg2 c5 4. Nf3 Be7 5. O-O O-O 6. d4 cxd4 7. Nxd4 a6 8. Nc3
d6 9. b3 Ra7 10. h3 b6 11. e4 Bb7 12. Be3 Nbd7 13. Qc2 Qc7 14. f4 Re8 15. Bf2
Bf8 16. Nde2 Raa8 17. g4 g6 18. Qd2 Rac8 19. Rac1 Nc5 20. Ng3 Red8 21. g5 Ne8
22. h4 Qb8 23. h5 b5 24. hxg6 hxg6 25. cxb5 axb5 26. b4 Na4 27. Nxa4 bxa4 28.
f5 exf5 29. exf5 Bxg2 30. Kxg2 Rxc1 1/2-1/2

[Event "Schwarzach A"]
[Site "?"]
[Date "1997.08.24"]
[Round "2.20"]
[White "Staller, Peter"]
[Black "Degeneve, Wolfgang"]
[Result "1-0"]
[WhiteElo "2345"]
[BlackElo "2018"]
[PlyCount "67"]
[EventDate "1996.??.??"]

1. c4 Nf6 2. Nc3 g6 3. g3 Bg7 4. Bg2 d6 5. d4 Nc6 6. Nf3 O-O 7. O-O e5 8. dxe5
Nxe5 9. Nxe5 dxe5 10. Bg5 Qe8 11. Nd5 Nxd5 12. cxd5 h6 13. Be3 f5 14. Qc1 f4
15. Bd2 Qb5 {} 16. Qxc7 Rf7 17. Qd8+ Rf8 18. Qa5 Qxe2 19. d6 Kh7 20. Bc3 f3
21. Rfe1 Qc4 22. Bf1 Qc6 23. Bxe5 Rf7 24. Rac1 b6 25. Rxc6 bxa5 26. Bc4 Bb7 27.
Rc5 Bxe5 28. Rcxe5 Rg7 29. Re7 Bc6 30. Rc7 Bd7 31. Bd5 Rb8 32. Bxf3 Rb6 33. Re7
Rxe7 34. dxe7 1-0

[Event "Schwarzach A"]
[Site "?"]
[Date "1997.08.25"]
[Round "3.2"]
[White "Hardicsay, Peter"]
[Black "Beim, Valery"]
[Result "0-1"]
[WhiteElo "2355"]
[BlackElo "2535"]
[PlyCount "70"]
[EventDate "1996.??.??"]

1. e4 d6 2. d4 Nf6 3. Nc3 g6 4. Nf3 Bg7 5. Be2 O-O 6. O-O c6 7. Re1 Nbd7 8. a4
e5 9. Be3 Re8 10. a5 exd4 11. Bxd4 Nf8 12. e5 dxe5 13. Bxe5 Bf5 14. h3 a6 15.
Qc1 N8d7 16. Bh2 Nc5 17. Rd1 Qc8 18. Bf1 Nfe4 19. Nxe4 Bxe4 20. Ra3 Qf5 21. b4
Ne6 22. c4 c5 23. b5 Nd4 24. Nxd4 Bxd4 25. Bg3 Qf6 26. Qf4 Qg7 27. Qc7 Rac8 28.
Qf4 g5 29. Qd2 Rcd8 30. Bd3 f5 31. Bxe4 Rxe4 32. Kh1 Rde8 33. f3 Re2 34. Qd3 f4
35. bxa6 bxa6 {} 0-1

[Event "Schwarzach A"]
[Site "?"]
[Date "1997.08.25"]
[Round "3.3"]
[White "Hertel, Peter"]
[Black "Klovans, Janis"]
[Result "0-1"]
[WhiteElo "2300"]
[BlackElo "2465"]
[PlyCount "64"]
[EventDate "1996.??.??"]

1. e4 c5 2. Nf3 e6 3. d4 cxd4 4. Nxd4 Nf6 5. Nc3 d6 6. Be2 a6 7. a4 b6 8. Bf3
Ra7 9. Be3 Rd7 10. g4 h6 11. h4 g6 12. Qd2 Bb7 13. g5 hxg5 14. Bxg5 Be7 15.
O-O-O Nc6 16. Nxc6 Bxc6 17. Qe2 Qa8 18. Kb1 b5 19. axb5 axb5 20. Bxf6 Bxf6 21.
Nxb5 Ke7 22. Rh3 Bxb5 23. Qxb5 {} 23... Bxb2 24. Qxb2 Rb7 25. Bg2 Rxb2+ 26.
Kxb2 Qa7 27. Re3 Rxh4 28. Ra1 Qd4+ 29. Kb1 Rh2 30. Bf3 Rxf2 31. Rd3 Rf1+ 32.
Bd1 Rxd1+ 0-1

[Event "Schwarzach A"]
[Site "?"]
[Date "1997.08.25"]
[Round "3.5"]
[White "Podlesnik, Bogdan"]
[Black "Herndl, Harald"]
[Result "0-1"]
[WhiteElo "2425"]
[BlackElo "2365"]
[PlyCount "106"]
[EventDate "1996.??.??"]

1. e4 e6 2. d4 d5 3. Nd2 c5 4. exd5 exd5 5. Bb5+ Bd7 6. Qe2+ Qe7 7. Bxd7+ Nxd7
8. dxc5 Nxc5 9. Ndf3 Nf6 10. Be3 O-O-O 11. Nd4 g6 12. O-O-O Kb8 13. Nb3 Ne6 14.
Nh3 Bg7 15. Nf4 Rhe8 16. Rhe1 Qc7 17. Nxe6 fxe6 18. f4 Ne4 19. Kb1 Rc8 20. Qd3
Qf7 21. g3 Rc4 22. Bd4 Rec8 23. Re2 g5 24. Bxg7 Qxg7 25. fxg5 Qxg5 26. c3 Qg6
27. Ka1 Rf8 28. Rde1 Rf6 29. a3 a6 30. Nd4 Rc8 31. Nc2 Nc5 32. Qe3 Ka8 33. Nb4
Qe4 34. Qg5 Rf5 35. Rxe4 Rxg5 36. Re5 Rxe5 37. Rxe5 a5 38. Nc2 a4 39. Nd4 Rf8
40. Ka2 Rf1 41. Re2 Kb8 42. b4 axb3+ 43. Nxb3 Na4 {} 44. Rxe6 Rf2+ 45. Kb1
Rb2+ 46. Kc1 Rxb3 47. Re8+ Ka7 48. Re7 Rxc3+ 49. Kd2 Rxa3 50. Rxh7 Nc5 51. g4
d4 52. Rh5 Ra2+ 53. Kd1 Ne4 0-1

[Event "Schwarzach A"]
[Site "?"]
[Date "1997.08.25"]
[Round "3.6"]
[White "Severgin, Valentin"]
[Black "Jusic, Zdenko"]
[Result "0-1"]
[WhiteElo "2260"]
[BlackElo "2370"]
[PlyCount "94"]
[EventDate "1996.??.??"]

1. e4 e6 2. d4 d5 3. Nc3 Bb4 4. e5 Ne7 5. a3 Bxc3+ 6. bxc3 c5 7. h4 Qa5 8. Bd2
Nbc6 9. Nf3 Qa4 10. Qb1 Bd7 11. Qb3 Na5 12. Qxa4 Bxa4 13. Kd1 Rc8 14. Bd3 b6
15. h5 cxd4 16. cxd4 Nc4 17. Bc1 h6 18. Rh3 Kd7 19. Rg3 g5 20. hxg6 fxg6 21.
Nd2 Na5 22. Ra2 g5 23. Ke1 Nf5 24. Rh3 Rhf8 25. Ba6 Rb8 26. Nb3 Nc6 27. Rf3 g4
28. Rd3 Ke7 29. Bd2 h5 30. c4 Bxb3 31. Rxb3 {} 31... Nfxd4 32. Rd3 Rf5 33.
cxd5 exd5 34. Be3 Rxe5 35. Kd1 Ne6 36. Rb2 Kd6 37. Rc3 Na5 38. g3 d4 39. Rd3
Rd5 40. Bh6 Rh8 41. Bd2 Nc5 42. Bb4 Nc6 43. Kd2 Nxb4 44. axb4 Nxa6 45. Ra2 Nxb4
46. Rxa7 Nc6 47. Rg7 Re8 0-1

[Event "Schwarzach A"]
[Site "?"]
[Date "1997.08.25"]
[Round "3.7"]
[White "Burmakin, Vladimir"]
[Black "Mojzis, Jaroslav"]
[Result "1-0"]
[WhiteElo "2550"]
[BlackElo "2250"]
[PlyCount "87"]
[EventDate "1996.??.??"]

1. d4 Nf6 2. c4 e6 3. g3 c5 4. d5 exd5 5. cxd5 d6 6. Nc3 g6 7. Bg2 Bg7 8. e4
O-O 9. Nge2 Re8 10. a4 Na6 11. O-O Nb4 12. h3 b6 13. Bg5 h6 14. Be3 Ba6 15. Qd2
Kh7 16. Rfe1 Qe7 17. Nc1 Rad8 18. f4 h5 19. Bf2 Bh6 20. N3a2 Nxa2 21. Nxa2 Nd7
22. Be3 Bg7 23. Nc3 c4 24. Bd4 Bxd4+ 25. Qxd4 Nc5 26. Rab1 Nd3 27. Re2 h4 28.
Qe3 hxg3 29. Qxg3 Qf6 30. Rf1 Qd4+ 31. Kh1 Kg7 32. f5 Rh8 33. fxg6 fxg6 {} 34.
e5 Nxe5 35. Re4 Qd3 36. Qg5 Rdf8 37. Qe7+ Rf7 38. Rxf7+ Nxf7 39. Re3 Qd4 40.
Ne2 Qd1+ 41. Kh2 g5 42. Rf3 Qxd5 43. Qf6+ Kg8 44. Rf5 1-0

[Event "Schwarzach A"]
[Site "?"]
[Date "1997.08.25"]
[Round "3.8"]
[White "Shaked, Tal"]
[Black "Groetz, Harald"]
[Result "1-0"]
[WhiteElo "2500"]
[BlackElo "2248"]
[PlyCount "83"]
[EventDate "1996.??.??"]

1. d4 Nf6 2. c4 c5 3. d5 b5 4. cxb5 a6 5. b6 d6 6. Nc3 g6 7. Nf3 Qxb6 8. Nd2
Nbd7 9. e4 Bg7 10. Be2 O-O 11. Nc4 Qc7 12. Bf4 Nb6 13. Ne3 Ne8 14. O-O e5 15.
dxe6 fxe6 16. Bg3 Bd4 17. Nc2 e5 18. Rc1 Nf6 19. Nxd4 exd4 20. Na4 Nxa4 21.
Qxa4 Nxe4 {} 22. Qxd4 Nxg3 23. Qc4+ Rf7 24. fxg3 Bb7 25. Bg4 Bc8 26. Bd1 Bb7
27. Bb3 d5 28. Qxc5 Rxf1+ 29. Kxf1 Qe5 30. Qc3 Rf8+ 31. Kg1 Qf5 32. Qd4 Re8 33.
Rf1 Qe5 34. Rd1 Qxd4+ 35. Rxd4 Re2 36. Rb4 Bc6 37. Rb6 Bb5 38. Bxd5+ Kg7 39. b4
Rb2 40. Rb7+ Kh6 41. h4 Bd3 42. g4 1-0

[Event "Schwarzach A"]
[Site "?"]
[Date "1997.08.25"]
[Round "3.9"]
[White "Koller, Hubert"]
[Black "Hresc, Vladimir"]
[Result "1-0"]
[WhiteElo "2160"]
[BlackElo "2425"]
[PlyCount "83"]
[EventDate "1996.??.??"]

1. Nf3 Nf6 2. d4 d5 3. Bf4 e6 4. Nbd2 c5 5. e3 Nc6 6. c3 Bd6 7. Bg3 O-O 8. Bd3
Re8 9. Ne5 Bf8 10. f4 Bd7 11. O-O g6 12. Bh4 Be7 13. Ndf3 Ne4 14. Bxe7 Qxe7 15.
Bxe4 dxe4 16. Ng5 Nxe5 17. dxe5 Bc6 18. Qc2 f5 19. exf6 Qxf6 20. Rf2 Qf5 21. h3
Rad8 22. c4 Rd3 23. Qe2 Red8 24. Qg4 R8d6 25. Qh4 Rd7 26. Re1 Qf6 27. g4 a6 28.
Qh6 R3d6 29. h4 Qg7 30. Qxg7+ Kxg7 31. f5 exf5 32. gxf5 b6 33. fxg6 Rxg6 34.
Kh2 h6 35. Nh3 Rg4 36. Nf4 Kh7 37. Kh3 Rgg7 38. Nh5 Rgf7 39. Nf6+ Kh8 40. Rg1
Rd8 41. Rg6 Bd7+ 42. Rg4 1-0

[Event "Schwarzach A"]
[Site "?"]
[Date "1997.08.25"]
[Round "3.10"]
[White "Ljubic, Juro"]
[Black "Hecht, Hans Joachim"]
[Result "1/2-1/2"]
[WhiteElo "2175"]
[BlackElo "2405"]
[PlyCount "67"]
[EventDate "1996.??.??"]

1. e4 e6 2. d4 d5 3. e5 c5 4. c3 Nc6 5. Be3 Nh6 6. Be2 Nf5 7. Nf3 f6 8. exf6
Qxf6 9. Bg5 Qf7 10. O-O cxd4 11. cxd4 Bd6 12. Nc3 O-O 13. Bb5 Bd7 14. Qd2 Na5
15. Qe2 h6 16. Bd2 Bxb5 17. Nxb5 Nc6 18. Bc3 Bf4 19. Na3 a6 20. Nc2 Bc7 21.
Nce1 Rae8 22. Nd3 Qh5 23. h3 Nh4 24. Nde1 e5 25. dxe5 Bxe5 26. Qd3 d4 27. Nxd4
Bxd4 28. Bxd4 Rxe1 29. Raxe1 Qg5 30. Qc4+ Kh7 31. Qc2+ Rf5 32. f4 Nxd4 33. fxg5
Nxc2 34. Rxf5 1/2-1/2

[Event "Schwarzach A"]
[Site "?"]
[Date "1997.08.25"]
[Round "3.11"]
[White "Vigh, Bela"]
[Black "Staller, Peter"]
[Result "1/2-1/2"]
[WhiteElo "2395"]
[BlackElo "2345"]
[PlyCount "44"]
[EventDate "1996.??.??"]

1. d4 e6 2. c4 Bb4+ 3. Nc3 f5 4. g3 Nf6 5. Bg2 O-O 6. Qc2 d6 7. Nf3 Nc6 8. O-O
Bxc3 9. Qxc3 Ne4 10. Qc2 Qf6 11. d5 Nb4 12. Qb3 a5 13. a3 Nc5 14. Qd1 Nba6 15.
dxe6 Bxe6 16. Qc2 a4 17. Be3 Rab8 18. Nd4 Bd7 19. Rad1 Qe7 20. Nb5 Be6 21. Nd4
Bd7 22. Nb5 Be6 1/2-1/2

[Event "Schwarzach A"]
[Site "?"]
[Date "1997.08.25"]
[Round "3.12"]
[White "Schiner, Hartmut"]
[Black "Neckar, Lubomir"]
[Result "1/2-1/2"]
[WhiteElo "2150"]
[BlackElo "2360"]
[PlyCount "32"]
[EventDate "1996.??.??"]

1. d4 d5 2. Nf3 e6 3. c3 Nf6 4. Bg5 Be7 5. Nbd2 Nbd7 6. e3 c5 7. Bd3 b6 8. O-O
Bb7 9. Ne5 Nxe5 10. dxe5 Nd7 11. Bxe7 Qxe7 12. f4 O-O 13. Qh5 g6 14. Qe2 f6 15.
exf6 Nxf6 16. e4 Qc7 1/2-1/2

[Event "Schwarzach A"]
[Site "?"]
[Date "1997.08.25"]
[Round "3.13"]
[White "Appl, Gerhard"]
[Black "Vesely, Tomas"]
[Result "1/2-1/2"]
[WhiteElo "1935"]
[BlackElo "2155"]
[PlyCount "81"]
[EventDate "1996.??.??"]

1. c4 Nf6 2. Nc3 c6 3. d4 d5 4. e3 a6 5. c5 Bg4 6. Qb3 Ra7 7. Bd3 e5 8. Qb6
Qxb6 9. cxb6 Ra8 10. h3 Bh5 11. dxe5 Nfd7 12. f4 f6 13. e6 Nc5 14. Bc2 Nxe6 15.
g4 Bf7 16. Nf3 a5 17. f5 Nc5 18. e4 dxe4 19. Nxe4 Bd5 20. Nfd2 Nbd7 21. Rh2
Nxe4 22. Bxe4 Bxe4 23. Re2 Bb4 24. Rxe4+ Kf7 25. a3 Bc5 26. Nb3 Bxb6 27. Bd2 a4
28. Nc1 Rhe8 29. Re2 Ne5 30. Kd1 Nc4 31. Kc2 Rxe2 32. Nxe2 Re8 33. Nc3 Nxd2 34.
Kxd2 Ba5 35. Rc1 Re5 36. Kd3 Bxc3 37. Rxc3 c5 38. Kc4 Re2 39. b3 axb3 40. Rxb3
Rc2+ 41. Kd5 1/2-1/2

[Event "Schwarzach A"]
[Site "?"]
[Date "1997.08.25"]
[Round "3.14"]
[White "Doric, Nenad"]
[Black "Krumphals, Friedrich"]
[Result "1-0"]
[WhiteElo "2250"]
[BlackElo "1866"]
[PlyCount "81"]
[EventDate "1996.??.??"]

1. e4 c5 2. c3 Nf6 3. e5 Nd5 4. d4 cxd4 5. Nf3 Nb6 6. cxd4 d6 7. Bb5+ Bd7 8.
Bxd7+ Qxd7 9. O-O e6 10. Nc3 Nc6 11. Qe2 Be7 12. Rd1 Rd8 13. Bf4 O-O 14. Rd2 a6
15. Rad1 d5 16. Ne1 f6 17. Nf3 fxe5 18. Nxe5 Nxe5 19. Bxe5 Nc4 20. Rd3 Nxe5 21.
Qxe5 Bd6 22. Qe2 Rf6 23. Rf3 Rdf8 24. Rxf6 Rxf6 25. Rd3 Rh6 26. g3 Qf7 27. Qf3
Rf6 28. Qe2 Rh6 29. Nd1 Qd7 30. Rc3 Rf6 31. Ne3 Rf8 32. Ng4 Re8 33. Ne5 Qa4 34.
Qh5 g6 {} 35. Nxg6 hxg6 36. Qxg6+ Kf8 37. Qh7 Re7 38. Qh8+ Kf7 39. Rf3+ Kg6
40. Rf6+ Kg5 41. Qh4# 1-0

[Event "Schwarzach A"]
[Site "?"]
[Date "1997.08.25"]
[Round "3.16"]
[White "Blecourt, Sandra"]
[Black "Moeschinger, Markus"]
[Result "1-0"]
[WhiteElo "2030"]
[BlackElo "2255"]
[PlyCount "59"]
[EventDate "1996.??.??"]

1. d4 Nf6 2. c4 e6 3. Nc3 Bb4 4. e3 c5 5. Bd3 Nc6 6. Nge2 O-O 7. a3 Bxc3+ 8.
Nxc3 cxd4 9. exd4 Nxd4 10. Bxh7+ Nxh7 11. Qxd4 b6 12. O-O Bb7 13. Rd1 Bc6 14.
Bf4 Qh4 15. Bg3 Qg5 16. Qe5 f5 17. Ne2 Qh6 18. Rd4 Nf6 19. f3 Kf7 20. Rh4 Qg5
21. Nd4 Rac8 22. Re1 Rfe8 23. Nxc6 Rxc6 24. Rd4 Rc5 25. Qe2 e5 26. Rd6 e4 27.
b4 Rcc8 {} 28. f4 Qh6 29. h3 Qh5 30. Rxf6+ 1-0

[Event "Schwarzach A"]
[Site "?"]
[Date "1997.08.25"]
[Round "3.17"]
[White "Kniest, Oliver"]
[Black "Bened, Andreas"]
[Result "1-0"]
[WhiteElo "2240"]
[BlackElo "2042"]
[PlyCount "45"]
[EventDate "1996.??.??"]

1. c4 g5 2. d4 h6 3. e4 d6 4. Nc3 Bg7 5. Be3 Nd7 6. h4 c5 7. d5 Qa5 8. Bd2 gxh4
9. Rxh4 Ne5 10. f4 Ng6 11. Rh1 Nf6 12. Bd3 Ng4 13. e5 dxe5 14. f5 {} 14... Nf4
15. Qxg4 Nxd3+ 16. Ke2 Nxb2 17. Qxg7 Bxf5 18. Qxh8+ Kd7 19. Qxe5 Bd3+ 20. Kf2
Bg6 21. Qe2 Nd3+ 22. Kf1 Nf4 23. Qg4+ 1-0

[Event "Schwarzach A"]
[Site "?"]
[Date "1997.08.25"]
[Round "3.18"]
[White "Besner, Bernhard"]
[Black "Brunnsteiner, Mario"]
[Result "1/2-1/2"]
[WhiteElo "2220"]
[BlackElo "2030"]
[PlyCount "53"]
[EventDate "1996.??.??"]

1. e4 c5 2. c3 e5 3. Nf3 Nc6 4. Bc4 Qc7 5. O-O Nf6 6. Re1 Be7 7. a3 a6 8. d3
O-O 9. Nbd2 b5 10. Ba2 d6 11. Nf1 Be6 12. Bg5 h6 13. Bd2 Bxa2 14. Rxa2 d5 15.
Ra1 Rad8 16. Qc2 dxe4 17. dxe4 c4 18. Ne3 Na5 19. Rad1 Rd3 20. Nf5 Rfd8 21. Re2
Nb3 22. Ng3 Bc5 23. Rde1 Ng4 24. Nh1 Qd6 25. Rd1 Qg6 26. Ng3 Qb6 27. Nh1
1/2-1/2

[Event "Schwarzach A"]
[Site "?"]
[Date "1997.08.25"]
[Round "3.19"]
[White "Martin, Andreas"]
[Black "Taschner, Peter"]
[Result "1-0"]
[WhiteElo "2215"]
[BlackElo "2005"]
[PlyCount "83"]
[EventDate "1996.??.??"]

1. e4 d6 2. d4 Nf6 3. Nc3 c6 4. g3 Qa5 5. Bg2 e5 6. Nge2 Nbd7 7. O-O Be7 8. h3
b5 9. d5 c5 10. Qd2 Ba6 11. a3 Bd8 12. Ra2 c4 13. Qe1 Nc5 14. f4 Nfd7 15. fxe5
Nxe5 16. Nd4 Qb6 17. Be3 Bf6 18. Nce2 Bc8 19. Kh1 Rb8 20. b4 cxb3 21. cxb3 Qd8
22. Rc2 Bd7 23. Nf4 h5 24. b4 Na6 25. Nc6 Bxc6 26. dxc6 Nc4 27. Nd5 Be5 {} 28.
Bxa7 Ra8 29. Bb6 Nxb6 30. c7 Nxc7 31. Nxc7+ Ke7 32. Qf2 f6 33. Qxb6 Rxa3 34.
Nd5+ Kf7 35. Qb7+ Kg6 36. Ne7+ Kh7 37. Rc8 Qxc8 38. Nxc8 Rxg3 39. Ne7 Re8 40.
Nf5 Rg5 41. h4 Rg4 42. Bf3 1-0

[Event "Schwarzach A"]
[Site "?"]
[Date "1997.08.25"]
[Round "3.20"]
[White "Holzbauer, Johannes"]
[Black "Hlavnicka, Jiri"]
[Result "1/2-1/2"]
[WhiteElo "1990"]
[BlackElo "2210"]
[PlyCount "55"]
[EventDate "1996.??.??"]

1. d4 Nf6 2. Bf4 g6 3. e3 Bg7 4. c3 d5 5. Nd2 O-O 6. h3 c5 7. Ngf3 Nc6 8. Ne5
Nd7 9. Nxc6 bxc6 10. Nf3 f6 11. Be2 e5 12. Bh2 Rf7 13. O-O e4 14. Nd2 Bf8 15.
Qa4 Qb6 16. Rab1 cxd4 17. cxd4 c5 18. Nb3 c4 19. Nd2 Qb4 20. Qc2 Nb6 21. Rbc1
Qa5 22. Ra1 Bd7 23. Bc7 Bb5 24. Bxb6 Qxb6 25. Nb1 Bd7 26. Nc3 Be6 27. b3 cxb3
28. axb3 1/2-1/2

[Event "Schwarzach A"]
[Site "?"]
[Date "1997.08.26"]
[Round "4.1"]
[White "Beim, Valery"]
[Black "Zoler, Dan"]
[Result "1/2-1/2"]
[WhiteElo "2535"]
[BlackElo "2465"]
[PlyCount "96"]
[EventDate "1996.??.??"]

1. c4 c5 2. Nf3 Nf6 3. Nc3 e6 4. e4 Nc6 5. Be2 d5 6. exd5 exd5 7. d4 Be7 8. Be3
cxd4 9. Nxd4 O-O 10. Nxc6 bxc6 11. cxd5 Nxd5 12. Nxd5 Qxd5 13. O-O Be6 14. b3
Rfd8 15. Qxd5 cxd5 16. Rfd1 a5 17. Bb5 Rdc8 18. Kf1 Rab8 19. Ba6 Rc6 20. Be2
Bf6 21. Bd4 Bxd4 22. Rxd4 Rb4 23. Rxb4 axb4 24. Bd3 Kf8 25. Ke2 Rc7 26. Kd2 Ke7
27. Re1 Kd6 28. f4 g6 29. Bc2 d4 30. Bb1 h5 31. Bd3 Bd5 32. g3 Rc8 33. Bb1 Rc3
34. Re8 Rf3 35. Ke2 Rc3 36. Rd8+ Kc5 37. Bd3 Be6 38. Kd2 Bf5 39. Bxf5 gxf5 40.
Rf8 Kd5 41. Rxf7 Ke4 42. Re7+ Kf3 43. Rb7 Re3 44. Rxb4 Re2+ 45. Kd3 Rxa2 46.
Kxd4 Rxh2 47. Ke5 h4 48. Rb8 Rb2 1/2-1/2

[Event "Schwarzach A"]
[Site "?"]
[Date "1997.08.26"]
[Round "4.2"]
[White "Klovans, Janis"]
[Black "Jusic, Zdenko"]
[Result "1-0"]
[WhiteElo "2465"]
[BlackElo "2370"]
[PlyCount "89"]
[EventDate "1996.??.??"]

1. e4 e6 2. d4 d5 3. Nc3 Nf6 4. Bg5 dxe4 5. Nxe4 Be7 6. Bxf6 gxf6 7. Nf3 b6 8.
Bc4 Bb7 9. Qe2 c6 10. O-O-O Nd7 11. Rhe1 Qc7 12. Kb1 O-O-O 13. Ba6 Rhg8 14. g3
f5 15. Ned2 Bxa6 16. Qxa6+ Qb7 17. Qe2 c5 18. Nc4 Rg4 19. dxc5 Re4 20. Qd3 Bxc5
21. a3 Rxe1 22. Nxe1 Qc7 23. Qe2 Bf8 24. Nf3 Nc5 25. Rxd8+ Qxd8 26. Nfe5 f6 27.
Nd3 Qd5 28. Nxc5 Bxc5 29. f3 h5 30. c3 e5 31. Nd2 Kc7 32. Kc2 a5 33. a4 Bf8 34.
Nc4 e4 35. Nd2 Bh6 {} 36. f4 Bf8 37. Nc4 Bc5 38. b3 Bg1 39. h4 b5 40. axb5
Qxb5 41. Qxh5 Bf2 42. Qf7+ Qd7 43. Qxd7+ Kxd7 44. h5 Ke7 45. Nd6 1-0